Analýza nesprávnych účtovných postupov vybraných účtovných jednotiek a následne nesprávneho auditu diplomová práca

Na minha lista:
Detalhes bibliográficos
Autor principal: Buganová, Lenka
Autor Corporativo: Fakulta hospodárskej informatiky EU. Katedra účtovníctva a audítorstva
Outros Autores: Mokošová, Daša, 1979-
Formato: Livro
Idioma:eslovaco
Publicado em: Bratislava 2023
Tags: Adicionar Tag
Sem tags, seja o primeiro a adicionar uma tag!

MARC

LEADER 00000nbm a2200000 4500
001 0294135
005 20240326123257.2
041 0 |a slo 
044 |a SK 
245 1 0 |a Analýza nesprávnych účtovných postupov vybraných účtovných jednotiek a následne nesprávneho auditu  |b diplomová práca  |c Lenka Buganová ; školiteľ: Daša Mokošová 
264 1 |a Bratislava  |c 2023 
300 |a 64 s. 
100 1 |a Buganová, Lenka 
700 1 |a Mokošová, Daša, 1979- 
710 2 |a Fakulta hospodárskej informatiky EU. Katedra účtovníctva a audítorstva